Samuel L. Jackson's co-stars - Statistics

General Stats
  • This quiz has been taken 23 times
  • The average score is 63 of 91
Answer Stats
Picture Hint Answer % Correct
The Other Guys Dwayne Johnson
94%
Iron Man, Iron Man 2, The Avengers, Avengers: Age of Ultron, Avengers: Infinity War, Avengers: Endgame Robert Downey Jr.
94%
Django Unchained Leonardo DiCaprio
89%
Kiss of Death Nicolas Cage
89%
The Other Guys Will Ferrell
89%
Avengers: Infinity War, Avengers: Endgame Benedict Cumberbatch
83%
True Romance, Inglourious Basterds Brad Pitt
83%
Pulp Fiction, Die Hard with a Vengeance, Unbreakable, Glass Bruce Willis
83%
Thor, The Avengers, Avengers: Age of Ultron, Avengers: Infinity War, Avengers: Endgame Chris Hemsworth
83%
Avengers: Infinity War, Avengers: Endgame Chris Pratt
83%
Pulp Fiction Christopher Walken
83%
S.W.A.T. Colin Farrell
83%
Coming to America Eddie Murphy
83%
Star Wars: The Rise of Skywalker Harrison Ford
83%
Spider-Man: Far From Home Jake Gyllenhaal
83%
Django Unchained Jamie Foxx
83%
Pulp Fiction, Basic John Travolta
83%
Star Wars: Episode I – The Phantom Menace, Star Wars: The Rise of Skywalker Liam Neeson
83%
Jackie Brown, The Other Guys Michael Keaton
83%
Star Wars: Episode I – The Phantom Menace, Star Wars: Episode II – Attack of the Clones, Star Wars: Episode III – Revenge of the Sith, Thor, Avengers: Endgame Natalie Portman
83%
Goodfellas, Jackie Brown Robert De Niro
83%
The Hitman's Bodyguard, Turbo Ryan Reynolds
83%
The Hitman's Bodyguard Salma Hayek
83%
A Time to Kill Sandra Bullock
83%
Iron Man 2, The Avengers, Captain America: The Winter Soldier, Avengers: Age of Ultron, Avengers: Infinity War, Captain Marvel, Avengers: Endgame Scarlett Johansson
83%
Thor, The Avengers, Kong: Skull Island, Avengers: Infinity War, Avengers: Endgame Tom Hiddleston
83%
XXX, XXX: Return of Xander Cage, Avengers: Infinity War, Avengers: Endgame Vin Diesel
83%
Thor Anthony Hopkins
78%
Avengers: Infinity War, Avengers: Endgame Bradley Cooper
78%
A Time to Kill Donald Sutherland
78%
Iron Man 2, Avengers: Age of Ultron, Avengers: Infinity War, Captain Marvel, Avengers: Endgame Don Cheadle
78%
Coming to America James Earl Jones
78%
Iron Man Jeff Bridges
78%
Star Wars: Episode I – The Phantom Menace Keira Knightley
78%
A Time to Kill Kiefer Sutherland
78%
The Hateful Eight Kurt Russell
78%
The Other Guys Mark Wahlberg
78%
A Time to Kill Matthew McConaughey
78%
Avengers: Endgame Michael Douglas
78%
Avengers: Endgame Paul Rudd
78%
Captain America: The Winter Soldier, Avengers: Endgame Robert Redford
78%
Pulp Fiction, Kill Bill: Volume 2 Uma Thurman
78%
Avengers: Infinity War Benicio del Toro
72%
Avengers: Infinity War, Avengers: Endgame Chadwick Boseman
72%
The Hateful Eight Channing Tatum
72%
Captain America: The First Avenger, The Avengers, Captain America: The Winter Soldier, Avengers: Age of Ultron, Avengers: Infinity War, Captain Marvel, Avengers: Endgame Chris Evans
72%
Kingsman: The Secret Service Colin Firth
72%
Thor, Avengers: Infinity War Idris Elba
72%
Jurassic Park Jeff Goldblum
72%
Spider-Man: Far From Home J. K. Simmons
72%
Goodfellas Joe Pesci
72%
Captain Marvel Jude Law
72%
The Avengers, Avengers: Age of Ultron, Avengers: Infinity War, Captain Marvel, Avengers: Endgame Mark Ruffalo
72%
Kingsman: The Secret Service Michael Caine
72%
Pulp Fiction, Inglourious Basterds, Django Unchained, The Hateful Eight Quentin Tarantino
72%
Avengers: Infinity War, Avengers: Endgame, Spider-Man: Far From Home Tom Holland
72%
Spider-Man: Far From Home Zendaya
72%
Avengers: Infinity War, Avengers: Endgame, The Banker Anthony Mackie
67%
Kong: Skull Island, Unicorn Store, Captain Marvel, Avengers: Endgame Brie Larson
67%
Star Wars: Episode I – The Phantom Menace, Star Wars: Episode II – Attack of the Clones, Star Wars: Episode III – Revenge of the Sith, Star Wars: The Rise of Skywalker Ewan McGregor
67%
True Romance, The Hitman's Bodyguard Gary Oldman
67%
Glass James McAvoy
67%
S.W.A.T., The Avengers, Avengers: Age of Ultron, Avengers: Endgame Jeremy Renner
67%
Avengers: Age of Ultron, Avengers: Infinity War, Avengers: Endgame Josh Brolin
67%
Avengers: Endgame, Spider-Man: Far From Home Marisa Tomei
67%
XXX: State of the Union Willem Dafoe
67%
Avengers: Infinity War, Avengers: Endgame Zoe Saldana
67%
Inglourious Basterds, Django Unchained Christoph Waltz
61%
Iron Man, Iron Man 2, Avengers: Endgame, Spider-Man: Far From Home Jon Favreau
61%
Captain America: The First Avenger, Captain America: The Winter Soldier, Avengers: Infinity War, Avengers: Endgame Sebastian Stan
61%
Pulp Fiction, The Hateful Eight Tim Roth
61%
Star Wars: Episode II – Attack of the Clones, Star Wars: Episode III – Revenge of the Sith Christopher Lee
56%
Avengers: Infinity War, Avengers: Endgame Dave Bautista
56%
Star Wars: The Rise of Skywalker Lupita Nyong'o
56%
Avengers: Endgame Michelle Pfeiffer
56%
Iron Man, Iron Man 2, The Avengers, Avengers: Age of Ultron, Avengers: Infinity War Paul Bettany
56%
Glass Sarah Paulson
56%
Thor, The Avengers, Avengers: Age of Ultron Stellan Skarsgård
56%
Turbo Michael Peña
50%
Star Wars: Episode I – The Phantom Menace, Star Wars: The Rise of Skywalker Warwick Davis
50%
Pulp Fiction, Inglourious Basterds Harvey Keitel
44%
The Incredibles, Incredibles 2 Holly Hunter
44%
The Avengers, Captain America: The Winter Soldier, Avengers: Age of Ultron, Avengers: Infinity War, Avengers: Endgame Cobie Smulders
39%
Barely Lethal Hailee Steinfeld
39%
Avengers: Endgame Evangeline Lilly
33%
Avengers: Infinity War, Avengers: Endgame Karen Gillan
33%
The Banker Nicholas Hoult
33%
Lakeview Terrace Patrick Wilson
33%
Kingsman: The Secret Service Taron Egerton
33%
Avengers: Infinity War, Avengers: Endgame Danai Gurira
22%
Avengers: Infinity War, Avengers: Endgame Letitia Wright
22%
No matching quizzes found
Score Distribution
Percent of People with Each Score
Percentile by Number Answered
Your Score History
You have not taken this quiz